[Event "South African op"]
[Site "Durban"]
[Date "2017.07.15"]
[Round "3"]
[White "Vermaak, Ashley Christopher"]
[Black "Pwere, Charles"]
[Result "1-0"]
[WhiteElo "1809"]
[BlackElo "1609"]
[PlyCount "81"]
[EventDate "2017.07.14"]
[EventType "swiss"]
[EventRounds "11"]
[EventCountry "RSA"]
[SourceTitle "EXT 2018"]
[Source "ChessBase"]
[SourceDate "2017.10.13"]
[SourceVersion "1"]
[SourceVersionDate "2017.10.13"]
[SourceQuality "1"]

1. c4 e5 2. Nc3 f5 3. d4 e4 4. Nh3 Nf6 5. Bg5 Be7 6. e3 0-0 7. Be2 d6 8. 0-0 c6 9. Rc1 Na6 10. Qb3 Nc7 11. d5 c5 12. Qd1 b6 13. f3 Bd7 14. fxe4 Nxe4 15. Nxe4 fxe4 16. Rxf8+ Qxf8 17. Bxe7 Qxe7 18. Bg4 Rf8 19. Bxd7 Qxd7 20. Qe2 Qf5 21. Rf1 Qxf1+ 22. Qxf1 Rxf1+ 23. Kxf1 Ne8 24. Kf2 h6 25. Kg3 Nf6 26. Kf4 Nd7 27. Nf2 Ne5 28. b3 Nd3+ 29. Nxd3 exd3 30. Kf3 Kf7 31. e4 Kf6 32. Ke3 Kg5 33. h4+ Kxh4 34. e5 Kg5 35. exd6 Kf6 36. Kxd3 a6 37. Ke4 b5 38. cxb5 axb5 39. a4 c4 40. a5 cxb3 41. Kd3 1-0